000 00714cam a22002533a 4500
001 28527
003 PGUSA
005 20140828083621.0
008 090407s2009||||xxu|||||s|||||000 d eng d
040 _aPGUSA
_beng
042 _adc
050 4 _aE201
100 1 _aCarlton, Henry Fisk
245 1 4 _aThe Story of Nathan Hale
_h[electronic resource] /
_cHenry Fisk Carlton
260 _bProject Gutenberg,
_c2009
506 _aPublic domain in the USA.
516 _aElectronic text
653 _aHale, Nathan, 1755-1776 -- Drama
653 _aRadio plays
700 1 _aZyve, Claire Turner,
_d1895-
830 0 _aProject Gutenberg
_v28527
856 4 0 _uhttp://www.gutenberg.org/ebooks/28527
942 _cEB
999 _c257782
_d257782